000 00521nam a2200133 4500
999 _c8286
_d8286
008 180112b xxu||||| |||| 00| 0 eng d
082 _aDPer 050 Dec 2015-Mar 2016 T48 v186-187
100 _925620
_aRudd, Kevin.
245 _aChina:
_bmanaging new challenges at home, while approaching a greater role in the global order/
_cKevin Rudd.
260 _aNew York :
_bTime Inc.,
_c©Dec 2015-Mar 2016.
300 _av186 n27-28, page 18:
_billustrations;
_c27 cm.
650 0 _925621
_aEconomic conditions.
942 _2ddc
_cPER